000 00326nam a2200133Ia 4500
008 240624s9999 xx 000 0 und d
041 _aeng
082 _a658.4012 FLO
100 _aFLOYD STEVEN W
245 _aBUILDING STRATEGY FROM THE MIDDLE RECONC
260 _c2000
_aLondon
_bSage
300 _a216 : p.
365 _c
_b32
999 _c27997
_d27997